[Event "Campionatul National de sah pe echipe m"]
[Site "Mamaia-Constanta"]
[Date "2013.09.01"]
[Round "2.2"]
[White "Baklan, Vladimir"]
[Black "Miron, Lucian-Costin"]
[Result "1/2-1/2"]
[WhiteElo "2621"]
[BlackElo "2532"]
[PlyCount "173"]
[EventDate "2013.08.31"]
[EventRounds "9"]
[WhiteTeam "CS STUD. MEDICINA TIMISOARA"]
[BlackTeam "ACS SAH APA NOVA BUCURESTI"]

1. e4 e5 2. Nf3 Nc6 3. Bb5 a6 4. Ba4 Nf6 5. O-O Be7 6. Re1 b5 7. Bb3 d6 8. c3
O-O 9. d4 Bg4 10. Be3 exd4 11. cxd4 Na5 12. Bc2 Nc4 13. Bc1 c5 14. b3 Nb6 15.
Nbd2 Nfd7 16. Bb2 Rc8 17. dxc5 Nxc5 18. Qb1 Re8 19. h3 Bh5 20. e5 Bg6 21. Bxg6
hxg6 22. Ne4 dxe5 23. Rd1 Qc7 24. Bxe5 Qb7 25. Nxc5 Bxc5 26. Qb2 Bf8 27. Rac1
Nd7 28. Rxc8 Rxc8 29. Bd6 Nc5 30. Bxf8 Rxf8 31. Qe5 Ne6 32. Rd6 Rc8 33. h4 Qa7
34. Qe3 Qb7 35. Kh2 Qc7 36. Qe5 a5 37. Ra6 Qc2 38. Qe3 a4 39. bxa4 bxa4 40. a3
Qc4 41. Ra7 Rc7 42. Ra8+ Rc8 43. Ra7 Rc7 44. Ra8+ Rc8 45. Qa7 Rxa8 46. Qxa8+
Kh7 47. g3 Qc5 48. Kg2 Qc4 49. Kh2 Qc5 50. Kg2 Qxa3 51. Qe8 Qf8 52. Qxa4 Qc5
53. Qe4 Qf5 54. Qc4 Qc5 55. Ng5+ Kg8 56. Qxc5 Nxc5 57. Kf3 f6 58. Ne4 Nb7 59.
Ke3 Kf7 60. Kd4 Ke6 61. g4 f5 62. Ng5+ Kf6 63. f3 fxg4 64. fxg4 Nd6 65. Kd5 Nf7
66. Ne4+ Ke7 67. g5 Nd8 68. Nc5 Kf8 69. Nd3 Kg8 70. Ne5 Kh7 71. Kd6 Nb7+ 72.
Ke7 Nc5 73. Kf7 Nb3 74. Nxg6 Nd4 75. Nf8+ Kh8 76. Ne6 Nf3 77. h5 Kh7 78. g6+
Kh6 79. Nf4 Nd4 80. Ke7 Kg5 81. Kf7 Kh6 82. Kf8 Nf5 83. Kg8 Kg5 84. Ne6+ Kxh5
85. Kh7 Ne7 86. Nxg7+ Kg4 87. Ne6 1/2-1/2

[Event "Campionatul National de sah pe echipe m"]
[Site "Mamaia-Constanta"]
[Date "2013.09.01"]
[Round "2.3"]
[White "Fedorov, Alexei"]
[Black "Manolache, Marius"]
[Result "1-0"]
[WhiteElo "2567"]
[BlackElo "2503"]
[PlyCount "119"]
[EventDate "2013.08.31"]
[EventRounds "9"]
[WhiteTeam "ACS SAH APA NOVA BUCURESTI"]
[BlackTeam "CS STUD. MEDICINA TIMISOARA"]

1. e4 g6 2. d4 Bg7 3. c4 d6 4. Ne2 Nf6 5. f3 O-O 6. Be3 Nbd7 7. Nec3 e5 8. d5
Nh5 9. Na3 f5 10. Qd2 b6 11. exf5 gxf5 12. O-O-O Nc5 13. Bg5 Bf6 14. Bh6 Kh8
15. g3 Rg8 16. Be3 Bd7 17. Be2 Qe7 18. f4 exf4 19. Bd4 Bxd4 20. Qxd4+ Nf6 21.
Qxf4 Nfe4 22. Ncb5 Qg7 23. Nd4 Rae8 24. Nac2 Nf6 25. Kb1 b5 26. cxb5 Nxd5 27.
Qf3 Nb6 28. Bd3 f4 29. Bf5 Bxf5 30. Nxf5 Qf6 31. Ncd4 Re5 32. Qxf4 Nc4 33. Rhf1
Re2 34. Qc1 Rxb2+ 35. Ka1 d5 36. Nh6 Rf2 37. Rxf2 Qxf2 38. Nxg8 Kxg8 39. Qg5+
Kh8 40. Qd8+ Kg7 41. Qe7+ Kg6 42. Ne2 Nd3 43. h4 Ne3 44. Rc1 c5 45. Nf4+ Nxf4
46. Qg5+ Kf7 47. Qxf4+ Qxf4 48. gxf4 c4 49. Kb2 d4 50. a4 Ke6 51. a5 Kd6 52.
Rg1 Nd5 53. b6 axb6 54. a6 b5 55. a7 Nb6 56. Ra1 Na8 57. Rg1 Kc6 58. Rg8 Kb7
59. Rxa8 Kxa8 60. f5 1-0

[Event "Campionatul National de sah pe echipe m"]
[Site "Mamaia-Constanta"]
[Date "2013.09.01"]
[Round "2.5"]
[White "Georgescu, Tiberiu-Marian"]
[Black "Ardelean, George-Catalin"]
[Result "1/2-1/2"]
[WhiteElo "2419"]
[BlackElo "2507"]
[PlyCount "39"]
[EventDate "2013.08.31"]
[EventRounds "9"]
[WhiteTeam "ACS SAH APA NOVA BUCURESTI"]
[BlackTeam "CS STUD. MEDICINA TIMISOARA"]

1. d4 Nf6 2. c4 c5 3. d5 e6 4. Nc3 exd5 5. cxd5 d6 6. e4 g6 7. f4 Bg7 8. Bb5+
Nfd7 9. Nf3 O-O 10. O-O Nb6 11. Bd3 Bg4 12. h3 Bxf3 13. Qxf3 Na6 14. a3 c4 15.
Bc2 Nc5 16. Be3 Nd3 17. Bxd3 cxd3 18. Bc1 Nc4 19. Qxd3 Qb6+ 20. Kh1 1/2-1/2

[Event "Campionatul National de sah pe echipe m"]
[Site "Mamaia-Constanta"]
[Date "2013.09.01"]
[Round "2.6"]
[White "Doros, Radu-Marian"]
[Black "Horvat, Dan-Sebastian"]
[Result "1-0"]
[WhiteElo "2307"]
[BlackElo "2209"]
[PlyCount "56"]
[EventDate "2013.08.31"]
[EventRounds "9"]
[WhiteTeam "CS STUD. MEDICINA TIMISOARA"]
[BlackTeam "ACS SAH APA NOVA BUCURESTI"]

1. c4 d6 2. Nc3 e5 3. g3 Nf6 4. Bg2 c6 5. Nf3 Nbd7 6. d4 Qc7 7. O-O Be7 8. b3
O-O 9. Bb2 Re8 10. Rc1 Bf8 11. Qc2 h6 12. Rfd1 a5 13. e3 g6 14. a3 Nb6 15. c5
dxc5 16. dxe5 Nfd5 17. Ne4 Bf5 18. Nh4 Bxe4 19. Bxe4 Qe7 20. Nf3 Qe6 21. Bd3 a4
22. e4 Nc7 23. b4 cxb4 24. axb4 Qg4 25. Be2 Bxb4 26. Bd4 Nd7 27. Rb1 c5 28. Be3
Qh3 1-0

[Event "Campionatul National de sah pe echipe m"]
[Site "Mamaia-Constanta"]
[Date "2013.09.01"]
[Round "2.2"]
[White "Berkes, Ferenc"]
[Black "Grigoriants, Sergey"]
[Result "1/2-1/2"]
[WhiteElo "2678"]
[BlackElo "2576"]
[PlyCount "84"]
[EventDate "2013.08.31"]
[EventRounds "9"]
[WhiteTeam "CS AEM LUXTEN TIMISOARA"]
[BlackTeam "CSM LUGOJ"]

1. d4 Nf6 2. c4 g6 3. Nc3 d5 4. cxd5 Nxd5 5. Bd2 Bg7 6. e4 Nb6 7. Be3 O-O 8. h3
e5 9. Nf3 exd4 10. Bxd4 Nc6 11. Bxg7 Kxg7 12. Bb5 Qxd1+ 13. Rxd1 Bd7 14. O-O
Rfd8 15. Nd5 Nxd5 16. Rxd5 a6 17. Ba4 Be8 18. Rc1 Rac8 19. Kh2 Kf8 20. Rdc5 Rd6
21. Bb3 Rd7 22. Kg3 Re7 23. Bd5 f6 24. R5c3 Nd8 25. Bb3 Bf7 26. Bc2 Ne6 27. Bb3
Nd8 28. Re1 Bxb3 29. Rxb3 c5 30. e5 fxe5 31. Rxe5 Rcc7 32. a4 Nf7 33. Rxe7 Kxe7
34. Kf4 Rd7 35. h4 Kd8 36. Rb6 Ke7 37. g4 Nd8 38. Rb3 Rd5 39. Ke4 Rd1 40. Re3
Kd6 41. Ng5 h6 42. Nf3 Nc6 1/2-1/2

[Event "Campionatul National de sah pe echipe m"]
[Site "Mamaia-Constanta"]
[Date "2013.09.01"]
[Round "2.3"]
[White "Filip, Lucian"]
[Black "Lupulescu, Constantin"]
[Result "1/2-1/2"]
[WhiteElo "2453"]
[BlackElo "2634"]
[PlyCount "35"]
[EventDate "2013.08.31"]
[EventRounds "9"]
[WhiteTeam "CSM LUGOJ"]
[BlackTeam "CS AEM LUXTEN TIMISOARA"]

1. Nf3 d5 2. d4 Nf6 3. c4 e6 4. g3 dxc4 5. Bg2 a6 6. O-O Nc6 7. e3 Bd7 8. Qe2
b5 9. Ne5 Nd5 10. Nxd7 Qxd7 11. Rd1 Rd8 12. b3 cxb3 13. axb3 Ncb4 14. e4 Nb6
15. Nc3 Be7 16. Qg4 Kf8 17. Qe2 Kg8 18. Be3 1/2-1/2

[Event "Campionatul National de sah pe echipe m"]
[Site "Mamaia-Constanta"]
[Date "2013.09.01"]
[Round "2.4"]
[White "Parligras, Mircea-Emilian"]
[Black "Balla, Tamas-Kristof"]
[Result "1/2-1/2"]
[WhiteElo "2560"]
[BlackElo "2376"]
[PlyCount "67"]
[EventDate "2013.08.31"]
[EventRounds "9"]
[WhiteTeam "CS AEM LUXTEN TIMISOARA"]
[BlackTeam "CSM LUGOJ"]

1. d4 Nf6 2. c4 g6 3. Nc3 Bg7 4. e4 d6 5. f3 O-O 6. Be3 c5 7. Nge2 cxd4 8. Nxd4
Nc6 9. Be2 Nxd4 10. Bxd4 Be6 11. Qd2 Qa5 12. Rc1 Rfc8 13. b3 a6 14. O-O b5 15.
cxb5 axb5 16. Rfd1 b4 17. Na4 Nd7 18. Bf2 Nc5 19. Nxc5 dxc5 20. Rc2 Bc3 21. Qg5
c4 22. Qxa5 Rxa5 23. Bxc4 Bxc4 24. bxc4 Rxc4 25. Rd8+ Kg7 26. Rb8 Ra4 27. Kf1
Rc6 28. Bd4+ e5 29. Rb6 Rxb6 30. Bxb6 Ra3 31. Bc5 Ra5 32. Bf2 Ra3 33. Bg3 Bd4
34. Ke2 1/2-1/2

[Event "Campionatul National de sah pe echipe m"]
[Site "Mamaia-Constanta"]
[Date "2013.09.01"]
[Round "2.2"]
[White "Valeanu, Eduard-Andrei"]
[Black "Petrisor, Adrian-Marian"]
[Result "1/2-1/2"]
[WhiteElo "2456"]
[BlackElo "2401"]
[PlyCount "33"]
[EventDate "2013.08.31"]
[EventRounds "9"]
[WhiteTeam "CS VICTORIA TECHIRGHIOL"]
[BlackTeam "CS MUNCITORUL RESITA"]

1. e4 e5 2. Nf3 Nf6 3. Nc3 Nc6 4. d4 exd4 5. Nxd4 Bb4 6. Nxc6 bxc6 7. Bd3 d5 8.
exd5 O-O 9. O-O cxd5 10. Bg5 c6 11. Qf3 Be7 12. Rae1 Rb8 13. b3 Bb4 $11 14. Bd2
Be6 15. h3 c5 16. Re2 Qd7 17. Re5 1/2-1/2

[Event "Campionatul National de sah pe echipe m"]
[Site "Mamaia-Constanta"]
[Date "2013.09.01"]
[Round "2.4"]
[White "Itkis, Boris"]
[Black "Busu, Corneliu"]
[Result "1/2-1/2"]
[WhiteElo "2391"]
[BlackElo "2273"]
[PlyCount "34"]
[EventDate "2013.08.31"]
[EventRounds "9"]
[WhiteTeam "CS VICTORIA TECHIRGHIOL"]
[BlackTeam "CS MUNCITORUL RESITA"]

1. d4 Nf6 2. c4 e6 3. Nf3 b6 4. g3 Bb7 5. Bg2 Be7 6. O-O O-O 7. d5 exd5 8. Nh4
c6 9. cxd5 Nxd5 10. Nf5 Nc7 11. e4 d5 12. Re1 Bf6 13. e5 Be7 14. Qg4 g6 15. Bh6
Re8 16. Nxe7+ Qxe7 17. Nd2 Bc8 1/2-1/2

[Event "Campionatul National de sah pe echipe m"]
[Site "Mamaia-Constanta"]
[Date "2013.09.01"]
[Round "2.6"]
[White "Malureanu, Costin-George"]
[Black "Vrencian, Lehel"]
[Result "1/2-1/2"]
[WhiteElo "2135"]
[BlackElo "2190"]
[PlyCount "82"]
[EventDate "2013.08.31"]
[EventRounds "9"]
[WhiteTeam "CS VICTORIA TECHIRGHIOL"]
[BlackTeam "CS MUNCITORUL RESITA"]

1. e4 c5 2. Nf3 d6 3. Bc4 a6 4. c3 Nc6 5. Qe2 Nf6 6. h3 e6 7. Bb3 Be7 8. O-O
O-O 9. Rd1 d5 10. e5 Nd7 11. d4 b5 12. Bc2 b4 13. c4 Nxd4 14. Nxd4 cxd4 15.
cxd5 exd5 16. Rxd4 Nb6 17. a3 bxa3 18. Nxa3 Re8 19. Bf4 g6 20. b4 f6 21. Re1
Bd6 22. Nc4 Nxc4 23. Rxd5 Bb7 24. Qxc4 Bxd5 25. Qxd5+ Kh8 26. Be4 Bxb4 27. Rb1
Qxd5 28. Bxd5 Rad8 29. Bf7 Re7 30. exf6 Rxf7 31. Rxb4 Kg8 32. Be5 Ra7 33. g4
Kf7 34. h4 Rd5 35. f4 Rb5 36. Rd4 a5 37. Rd8 a4 38. Rh8 Ke6 39. Re8+ Kf7 40.
Rh8 Ke6 41. Re8+ Kf7 1/2-1/2

[Event "Campionatul National de sah pe echipe m"]
[Site "Mamaia-Constanta"]
[Date "2013.09.01"]
[Round "2.1"]
[White "Miroshnichenko, Evgenij"]
[Black "Cioara, Andrei-Nestor"]
[Result "1-0"]
[WhiteElo "2619"]
[BlackElo "2462"]
[PlyCount "64"]
[EventDate "2013.08.31"]
[EventRounds "9"]
[WhiteTeam "CS POLITEHNICA IASI"]
[BlackTeam "CSU PLOIESTI"]

1. Nf3 Nf6 2. c4 e6 3. g3 d5 4. b3 Be7 5. Bg2 O-O 6. O-O d4 7. e3 c5 8. exd4
cxd4 9. d3 Nc6 10. Re1 Re8 11. a3 a5 12. Ra2 Bd6 13. Rae2 h6 14. Qc2 e5 15.
Nbd2 Bg4 16. h3 Bh5 17. c5 Bc7 18. Qc4 Qd7 19. g4 Nxg4 20. hxg4 Bxg4 21. Ne4
Qf5 22. Ng3 Qf6 23. Qd5 Rad8 24. Qe4 Qe6 25. Nh4 g6 26. Bf3 Bh3 27. Bxh6 f5 28.
Qf4 exf4 29. Rxe6 Rxe6 30. Rxe6 fxg3 31. Bxc6 bxc6 32. Re7 Ra8 1-0

[Event "Campionatul National de sah pe echipe m"]
[Site "Mamaia-Constanta"]
[Date "2013.09.01"]
[Round "2.3"]
[White "Mateuta, Gabriel"]
[Black "Ionescu, Doru-Alexandru"]
[Result "1/2-1/2"]
[WhiteElo "2517"]
[BlackElo "2330"]
[PlyCount "53"]
[EventDate "2013.08.31"]
[EventRounds "9"]
[WhiteTeam "CS POLITEHNICA IASI"]
[BlackTeam "CSU PLOIESTI"]

1. d4 Nf6 2. Nf3 g6 3. c4 Bg7 4. Nc3 d5 5. Bg5 dxc4 6. e4 c5 7. d5 b5 8. e5 b4
9. exf6 exf6 10. Qe2+ Kf8 11. Be3 bxc3 12. Bxc5+ Kg8 13. bxc3 Ba6 14. Nd4 h6
15. Qe7 Qxd5 16. Be2 Qe5 17. Rd1 Nd7 18. Qxd7 Qxc5 19. O-O Rc8 20. Bf3 Rc7 21.
Qa4 Bb7 22. Bxb7 Rxb7 23. Rb1 Rc7 24. Nb5 Rb7 25. Nd4 Rc7 26. Nb5 Rb7 27. Nd4
1/2-1/2

[Event "Campionatul National de sah pe echipe m"]
[Site "Mamaia-Constanta"]
[Date "2013.09.01"]
[Round "2.5"]
[White "Ungureanu, Vlad"]
[Black "Voiteanu, Gabriel"]
[Result "1-0"]
[WhiteElo "2374"]
[BlackElo "2250"]
[PlyCount "89"]
[EventDate "2013.08.31"]
[EventRounds "9"]
[WhiteTeam "CS POLITEHNICA IASI"]
[BlackTeam "CSU PLOIESTI"]

1. d4 Nf6 2. c4 g6 3. Nc3 d5 4. Nf3 Bg7 5. Qb3 dxc4 6. Qxc4 O-O 7. e4 a6 8. e5
b5 9. Qb3 Nfd7 10. Be3 c5 11. dxc5 Nxe5 12. Nxe5 Bxe5 13. Rd1 Qc7 14. Nd5 Qb7
15. Be2 Be6 16. Bf3 Nc6 17. Qa3 Bxd5 18. Bxd5 Qc7 19. f4 Bf6 20. O-O a5 21. f5
Rad8 22. Bxc6 Rxd1 23. Rxd1 Qxc6 24. Qxa5 Qe4 25. Bf2 Ra8 26. Qxb5 Rxa2 27. c6
Rxb2 28. Qc5 Rc2 29. c7 Rxc5 30. Bxc5 Bd4+ 31. Bxd4 Qc2 32. Ra1 Qc6 33. Bb2
Qb6+ 34. Kh1 Qb7 35. Rc1 Qc8 36. Be5 f6 37. Bg3 gxf5 38. Rd1 Kf7 39. Rd8 Qa6
40. Bf2 Qf1+ 41. Bg1 f4 42. c8=Q f3 43. Rf8+ Kg7 44. Rg8+ Kf7 45. Rg3 1-0

[Event "Campionatul National de sah pe echipe m"]
[Site "Mamaia-Constanta"]
[Date "2013.09.01"]
[Round "2.6"]
[White "Deac, Bogdan-Daniel"]
[Black "Stegariu, Vlad-Ionut"]
[Result "1/2-1/2"]
[WhiteElo "2224"]
[BlackElo "2171"]
[PlyCount "61"]
[EventDate "2013.08.31"]
[EventRounds "9"]
[WhiteTeam "CSU PLOIESTI"]
[BlackTeam "CS POLITEHNICA IASI"]

1. d4 e6 2. c4 Bb4+ 3. Bd2 Qe7 4. Nf3 Nf6 5. a3 Bxd2+ 6. Nbxd2 d6 7. e4 e5 8.
d5 a5 9. b3 O-O 10. Bd3 Nh5 11. g3 Na6 12. O-O g6 13. Re1 Bg4 14. Be2 Ng7 15.
Nh4 Bd7 16. Rb1 f5 17. b4 axb4 18. axb4 c5 19. dxc6 bxc6 20. c5 dxc5 21. Bxa6
Rxa6 22. Qc2 Ra7 23. Qxc5 Qxc5 24. bxc5 fxe4 25. Nxe4 Ra2 26. Rb7 Bg4 27. h3
Bxh3 28. Ng5 Bc8 29. Rc7 Ne6 30. Nxe6 Bxe6 31. Rxc6 1/2-1/2

[Event "Campionatul National de sah pe echipe m"]
[Site "Mamaia-Constanta"]
[Date "2013.09.02"]
[Round "3.1"]
[White "Cioara, Andrei-Nestor"]
[Black "Erdos, Viktor"]
[Result "1/2-1/2"]
[WhiteElo "2462"]
[BlackElo "2650"]
[PlyCount "64"]
[EventDate "2013.08.31"]
[EventRounds "9"]
[WhiteTeam "CSU PLOIESTI"]
[BlackTeam "CLUBUL DE SAH AL MUN. BAIA MARE"]

1. d4 Nf6 2. c4 e6 3. g3 c5 4. d5 exd5 5. cxd5 d6 6. Nc3 g6 7. Bg2 Bg7 8. Nf3
O-O 9. O-O Re8 10. h3 Ne4 11. Nxe4 Rxe4 12. Bg5 Qc7 13. Nd2 Re8 14. Rb1 h6 15.
Bf4 g5 16. Be3 Bf5 17. h4 gxh4 18. Qa4 Nd7 19. Qxh4 Bxb1 20. Rxb1 Nf8 21. Ne4
Ng6 22. Qh3 Re5 23. Bf4 Nxf4 24. gxf4 Rxe4 25. Bxe4 c4 26. e3 b5 27. Qf5 Re8
28. Kg2 Qe7 29. Kf3 Qf6 30. Qd7 Qe7 31. Qf5 Qf6 32. Qd7 Qe7 1/2-1/2

[Event "Campionatul National de sah pe echipe m"]
[Site "Mamaia-Constanta"]
[Date "2013.09.02"]
[Round "3.2"]
[White "Nisipeanu, Liviu-Dieter"]
[Black "Baratosi, Daniel"]
[Result "1-0"]
[WhiteElo "2665"]
[BlackElo "2402"]
[PlyCount "35"]
[EventDate "2013.08.31"]
[EventRounds "9"]
[WhiteTeam "CLUBUL DE SAH AL MUN. BAIA MARE"]
[BlackTeam "CSU PLOIESTI"]

1. d4 Nf6 2. c4 e6 3. Nc3 Bb4 4. e3 b6 5. Nge2 c5 6. a3 Ba5 7. Rb1 Na6 8. Bd2
Bb7 9. Ng3 O-O 10. Bd3 Bxc3 11. bxc3 Bxg2 12. Rg1 Bb7 13. e4 Ne8 14. Qh5 g6 15.
Qh6 cxd4 16. cxd4 e5 17. Nf5 d6 18. c5 1-0

[Event "Campionatul National de sah pe echipe m"]
[Site "Mamaia-Constanta"]
[Date "2013.09.02"]
[Round "3.3"]
[White "Ionescu, Doru-Alexandru"]
[Black "Vajda, Levente"]
[Result "0-1"]
[WhiteElo "2330"]
[BlackElo "2613"]
[PlyCount "88"]
[EventDate "2013.08.31"]
[EventRounds "9"]
[WhiteTeam "CSU PLOIESTI"]
[BlackTeam "CLUBUL DE SAH AL MUN. BAIA MARE"]

1. d4 Nf6 2. Nf3 d6 3. c4 Nbd7 4. g3 e5 5. Bg2 c6 6. O-O e4 7. Ne1 Nb6 8. Nc3
Nxc4 9. Nxe4 Nxe4 10. Bxe4 d5 11. Bg2 Be7 12. b3 Nd6 13. Nd3 O-O 14. Bb2 Re8
15. Rc1 Bf5 16. Re1 Bg5 17. e3 Re6 18. Ne5 f6 19. Nd3 Qe8 20. Nf4 Bxf4 21. exf4
Rxe1+ 22. Qxe1 Qxe1+ 23. Rxe1 Re8 24. Rxe8+ Nxe8 25. f3 Bb1 26. a3 Nd6 27. Bf1
Ba2 28. b4 Bc4 29. Bh3 f5 30. Kf2 Bb5 31. Bc1 Kf7 32. Ke1 Ke6 33. Kd2 a5 34.
Bg2 a4 35. h4 h5 36. Bh3 g6 37. Kd1 b6 38. Be3 Bd3 39. Kd2 Bc4 40. Kc3 Nb5+ 41.
Kb2 Be2 42. Bg2 Kd7 43. Ka2 Nc3+ 44. Ka1 Nd1 0-1

[Event "Campionatul National de sah pe echipe m"]
[Site "Mamaia-Constanta"]
[Date "2013.09.02"]
[Round "3.4"]
[White "Szabo, Gergely-Andras-Gyul"]
[Black "Tomescu, Vlad"]
[Result "1-0"]
[WhiteElo "2550"]
[BlackElo "2389"]
[PlyCount "37"]
[EventDate "2013.08.31"]
[EventRounds "9"]
[WhiteTeam "CLUBUL DE SAH AL MUN. BAIA MARE"]
[BlackTeam "CSU PLOIESTI"]

1. e4 c5 2. Nf3 Nc6 3. c3 e5 4. Bc4 Qc7 5. O-O Nf6 6. Ng5 Nd8 7. f4 d6 8. Qa4+
Bd7 9. Qb3 Bc6 10. d3 h6 11. Nf3 Be7 12. a4 O-O 13. fxe5 dxe5 14. Nh4 Kh7 15.
Nf5 Ne8 16. Na3 a6 17. Be3 b6 18. Nxe7 Qxe7 19. Qxb6 1-0

[Event "Campionatul National de sah pe echipe m"]
[Site "Mamaia-Constanta"]
[Date "2013.09.02"]
[Round "3.5"]
[White "Voiteanu, Gabriel"]
[Black "Banusz, Tamas"]
[Result "0-1"]
[WhiteElo "2250"]
[BlackElo "2595"]
[PlyCount "62"]
[EventDate "2013.08.31"]
[EventRounds "9"]
[WhiteTeam "CSU PLOIESTI"]
[BlackTeam "CLUBUL DE SAH AL MUN. BAIA MARE"]

1. d4 d5 2. c4 c6 3. Nf3 Nf6 4. e3 a6 5. Bd3 Bg4 6. b3 e6 7. O-O Bd6 8. Bb2 Ne4
9. h3 Bh5 10. Nbd2 Nxd2 11. Qxd2 Bxf3 12. gxf3 Qg5+ 13. Kh1 Nd7 14. Rg1 Qh5 15.
Kg2 Nf8 16. c5 Bc7 17. b4 Ng6 18. Bxg6 hxg6 19. Rh1 Qf5 20. a4 Rh5 21. Qe2 Kd7
22. e4 Qg5+ 23. Kf1 Rah8 24. Bc1 Qf6 25. Kg2 g5 26. exd5 exd5 27. b5 Rxh3 28.
Rxh3 Rxh3 29. f4 Rh4 30. fxg5 Qf5 31. Qe3 Qg4+ 0-1

[Event "Campionatul National de sah pe echipe m"]
[Site "Mamaia-Constanta"]
[Date "2013.09.02"]
[Round "3.6"]
[White "Hajbok, Robert"]
[Black "Deac, Bogdan-Daniel"]
[Result "0-1"]
[WhiteElo "2345"]
[BlackElo "2224"]
[PlyCount "149"]
[EventDate "2013.08.31"]
[EventRounds "9"]
[WhiteTeam "CLUBUL DE SAH AL MUN. BAIA MARE"]
[BlackTeam "CSU PLOIESTI"]

1. c4 Nf6 2. Nc3 g6 3. g3 Bg7 4. Bg2 O-O 5. e4 c5 6. Nge2 Nc6 7. d3 a6 8. O-O
Rb8 9. a4 d6 10. h3 Ne8 11. Be3 Nc7 12. d4 cxd4 13. Nxd4 Bd7 14. b3 Ne6 15.
Nde2 Nc5 16. Rb1 Nb4 17. Qd2 a5 18. Bd4 Bc6 19. Bxg7 Kxg7 20. f4 Kg8 21. f5
Ncd3 22. Kh2 Ne5 23. Nf4 Na6 24. Nfd5 Bxd5 25. Nxd5 f6 26. h4 Nc5 27. Qe2 Rf7
28. Bh3 Rg7 29. Nf4 Kh8 30. Qe3 g5 31. hxg5 Rxg5 32. Nd5 Na6 33. Rf4 Nb4 34.
Nc3 Qg8 35. Ne2 Nbc6 36. Rh4 Qf7 37. Rg1 Rbg8 38. g4 e6 39. Nf4 Nd4 40. Rg3
Nec6 41. Nh5 exf5 42. exf5 Re8 43. Qd3 Re2+ 44. Bg2 Rb2 45. Qd1 Rf2 46. Kg1 Rb2
47. Kh1 Qe7 48. Nf4 Ne2 49. Nxe2 Rxe2 50. Qd5 Re5 51. Qd3 Re1+ 52. Kh2 Qe5 53.
Qd5 Qxd5 54. Bxd5 Re2+ 55. Kh3 Ne5 56. Bxb7 Rd2 57. Bd5 Nd3 58. Rf3 Kg7 59. Re3
Ne5 60. Bf3 Kh8 61. Kg3 Rg8 62. Be2 Rb8 63. Kf4 Rb2 64. Rhh3 Kg7 65. g5 fxg5+
66. Kxg5 Rf8 67. f6+ Kh8 68. Kf5 Nc6 69. Rh4 Rd2 70. Ree4 d5 71. cxd5 Rxd5+ 72.
Ke6 Rfd8 73. Bc4 R5d6+ 74. Kf7 R8d7+ 75. Re7 0-1

[Event "Campionatul National de sah pe echipe m"]
[Site "Mamaia-Constanta"]
[Date "2013.09.02"]
[Round "3.1"]
[White "Timoshenko, Georgy"]
[Black "Miroshnichenko, Evgenij"]
[Result "1/2-1/2"]
[WhiteElo "2518"]
[BlackElo "2619"]
[PlyCount "51"]
[EventDate "2013.08.31"]
[EventRounds "9"]
[WhiteTeam "CS VICTORIA TECHIRGHIOL"]
[BlackTeam "CS POLITEHNICA IASI"]

1. Nf3 Nf6 2. d4 e6 3. g3 b6 4. Bg2 Bb7 5. O-O c5 6. c4 cxd4 7. Nxd4 Bxg2 8.
Kxg2 Qc7 9. b3 a6 10. Kg1 Be7 11. Bb2 O-O 12. Nc3 Qb7 13. Qd3 d6 14. Qf3 Qxf3
15. Nxf3 Rc8 16. Rfd1 Nbd7 17. Nd4 Rc7 18. f3 Rac8 19. Rac1 g6 20. e3 d5 21.
cxd5 Nxd5 22. Nxd5 exd5 23. Rxc7 Rxc7 24. Kf2 Bf6 25. Ke2 h5 26. h3 1/2-1/2

[Event "Campionatul National de sah pe echipe m"]
[Site "Mamaia-Constanta"]
[Date "2013.09.02"]
[Round "3.2"]
[White "Balog, Imre"]
[Black "Valeanu, Eduard-Andrei"]
[Result "1-0"]
[WhiteElo "2534"]
[BlackElo "2456"]
[PlyCount "123"]
[EventDate "2013.08.31"]
[EventRounds "9"]
[WhiteTeam "CS POLITEHNICA IASI"]
[BlackTeam "CS VICTORIA TECHIRGHIOL"]

1. Nf3 Nf6 2. d4 c5 3. d5 g6 4. c4 d6 5. Nc3 e6 6. e4 exd5 7. exd5 Qe7+ 8. Be2
Bg7 9. O-O O-O 10. h3 a6 11. Bd3 Re8 12. Bf4 Qf8 13. Bh2 Nbd7 14. Qc2 b6 15.
Rad1 Bb7 16. a4 h6 17. b3 Rad8 18. Qc1 Bc8 19. Bb1 Kh8 20. Kh1 Kg8 21. Nd2 Nh7
22. Nde4 Ndf6 23. Nxf6+ Nxf6 24. f4 Bf5 25. Bd3 Qe7 26. Qc2 Bxd3 27. Qxd3 Ne4
28. Nxe4 Qxe4 29. f5 Qxd3 30. Rxd3 Be5 31. fxg6 fxg6 32. Bxe5 Rxe5 33. Rf6 Kg7
34. Rdf3 Re7 35. Kh2 h5 36. Re6 Rf7 37. Rxf7+ Kxf7 38. Kg3 Re8 39. Rxd6 Re3+
40. Kf4 Rxb3 41. a5 b5 42. Rxa6 Rb4 43. Ke5 Rxc4 44. Ra7+ Ke8 45. Rb7 Ra4 46.
Rxb5 Kd7 47. Rxc5 Ra2 48. a6 g5 49. Rb5 Rxa6 50. Rb7+ Ke8 51. Rg7 Ra2 52. Rxg5
h4 53. Kf6 Rf2+ 54. Kg6 Ke7 55. Kh5 Rf4 56. Rg4 Rf5+ 57. Kxh4 Rxd5 58. Rf4 Rd1
59. g4 Rh1 60. Rf3 Ke6 61. Kg5 Ke5 62. h4 1-0

[Event "Campionatul National de sah pe echipe m"]
[Site "Mamaia-Constanta"]
[Date "2013.09.02"]
[Round "3.5"]
[White "Raceanu, Valentin"]
[Black "Ungureanu, Vlad"]
[Result "1/2-1/2"]
[WhiteElo "2424"]
[BlackElo "2374"]
[PlyCount "79"]
[EventDate "2013.08.31"]
[EventRounds "9"]
[WhiteTeam "CS VICTORIA TECHIRGHIOL"]
[BlackTeam "CS POLITEHNICA IASI"]

1. d4 Nf6 2. c4 c5 3. d5 b5 4. cxb5 a6 5. bxa6 g6 6. Nc3 Bxa6 7. Nf3 d6 8. e4
Bxf1 9. Kxf1 Bg7 10. h3 O-O 11. Kg1 Qb6 12. Kh2 Na6 13. Re1 c4 14. Re2 Nc5 15.
Be3 Qa5 16. Qc2 Na4 17. Nd4 Nxc3 18. bxc3 Qa4 19. f3 Rfb8 20. Nc6 Rb7 21. Rd1
Nh5 22. g4 Nf6 23. Kg3 Ne8 24. Qxa4 Rxa4 25. Bd4 Bxd4 26. Rxd4 Kf8 27. Nb4 Rc7
28. f4 Ra3 29. Rc2 Rc5 30. e5 Nc7 31. exd6 exd6 32. Re4 Nxd5 33. Nxd5 Rxd5 34.
Rxc4 Rd3+ 35. Kg2 Kg7 36. Rd4 Rdxc3 37. Rxc3 Rxc3 38. a4 Ra3 39. h4 h6 40. Rxd6
1/2-1/2

[Event "Campionatul National de sah pe echipe m"]
[Site "Mamaia-Constanta"]
[Date "2013.09.02"]
[Round "3.6"]
[White "Stegariu, Vlad-Ionut"]
[Black "Malureanu, Costin-George"]
[Result "1-0"]
[WhiteElo "2171"]
[BlackElo "2135"]
[PlyCount "125"]
[EventDate "2013.08.31"]
[EventRounds "9"]
[WhiteTeam "CS POLITEHNICA IASI"]
[BlackTeam "CS VICTORIA TECHIRGHIOL"]

1. d4 Nf6 2. c4 e6 3. Nf3 d5 4. Bg5 Nbd7 5. Nc3 Bb4 6. e3 c5 7. cxd5 exd5 8.
Be2 Qa5 9. O-O Bxc3 10. bxc3 Ne4 11. c4 dxc4 12. Bf4 Nc3 13. Qd2 Nxe2+ 14. Qxe2
Qa6 15. Rfd1 O-O 16. dxc5 Re8 17. Nd2 Nxc5 18. Qxc4 b6 19. Qxa6 Bxa6 20. Nb3
Nxb3 21. axb3 Bb5 22. Rd5 Bc6 23. Rd6 Re6 24. Rxe6 fxe6 25. Bc7 Bb7 26. f3 Rc8
27. Be5 a6 28. e4 Kf7 29. Rd1 Bc6 30. Kf2 g6 31. g4 a5 32. h4 a4 33. bxa4 Bxa4
34. Rd6 Bc6 35. Kg3 b5 36. Rd4 Be8 37. Kf4 h6 38. Rd6 Rc5 39. g5 hxg5+ 40. hxg5
b4 41. Ra6 Rb5 42. Ra7+ Kg8 43. Rg7+ Kf8 44. Rh7 Bf7 45. Rh8+ Bg8 46. Rh2 b3
47. Rd2 Bf7 48. Bb2 Be8 49. Rg2 Bf7 50. Ke3 e5 51. Rg1 Ke8 52. Ra1 Be6 53. Ra7
Bd7 54. Kd3 Be6 55. Rc7 Bd7 56. Kc4 Rb6 57. Kc5 Re6 58. Rb7 Ba4 59. Rb4 Rc6+
60. Kd5 Rc2 61. Rxa4 Rxb2 62. Kxe5 Rc2 63. Rb4 1-0